000 00350nam a2200133 i 4500
001 bg
100 1 _aKRAWIEC, Dorota
245 0 _aSubiektywne prawdopodobieństwo polskich wyrazów specjalistycznych /
_cDorota Krawiec.
260 _aWarszawa,
_c1980.
040 _cBPK
041 _apol
942 _cKS
008 s pl f |000 0 pol
999 _c20837
_d20837
856 _uhttp://koha.tu.koszalin.pl/cgi-bin/koha/opac-detail.pl?biblionumber=20837
_yKatalog online BPK